Biblioteca

Carta de CLADE II (Registro nro. 52460)

Detalles MARC
000 -LÍDER
Campo fijo de descripción fija 009130000a22001930004500
001 - NÚMERO DE CONTROL
Campo de control 768714001
003 - IDENTIFICADOR DEL NÚMERO DE CONTROL
Campo de control CO-MdFUSB
005 - FECHA Y HORA DE LA ULTIMA TRANSACCIÓN
control field 20240419105801.0
008 - ELEMENTOS DE LONGITUD FIJA -- INFORMACIÓN GENERAL
Campo fijo de descripción fija -- Información general 240419t2000 ag ||||| |||| 00| 0 spa d
040 ## - FUENTE DE CATALOGACIÓN
Idioma de catalogación spa
Agencia que realiza la transcripción CO-MdFUSB
041 ## - CÓDIGO DE IDIOMA
Código de idioma para texto/pista de sonido o título separado spa
245 ## - TÍTULO
Título Carta de CLADE II
300 ## - DESCRIPCIÓN FÍSICA
Extensión Volumen 19, número 4 (noviembre - diciembre, 2000), páginas: 8 - 9
Dimensiones ; 27 cm
520 ## - NOTA DE RESUMEN, ETC.
Nota de sumario, etc. Mensaje del III Congreso Latinoamericano de Evangelización al pueblo evangélico de América Latina, en el cual expresa su anhelo porque Dios cumpla su propósito en el mundo, en su iglesia y en sus vidas, pero sobretodo que el pueblo latinoamericano escuche la voz de Dios.
650 #0 - ASIENTO SECUNDARIO DE MATERIA - TERMINO TEMÁTICO
Término temático o nombre geográfico como elemento de entrada Iglesia y problemas sociales
9 (RLIN) 1177
650 #7 - ASIENTO SECUNDARIO DE MATERIA - TERMINO TEMÁTICO
Término temático o nombre geográfico como elemento de entrada Teología pastoral y unidad cristiana
9 (RLIN) 7183
773 0# - ASIENTO DE ITEM FUENTE
Título Iglesia y Misión
Biblionumber 49402
Itemnumber 59627
Parte(s) relacionada(s) / Volumen., número. (mes año), páginas Volumen 19, número 4 (noviembre - diciembre, 2000), páginas: 8 - 9
Enumeración y primera página página: 8
942 ## - TIPO DE MATERIAL (KOHA)
Tipo de Item KOHA Artículos de Revista

No hay ítems disponibles.

Biblioteca FUSBC | Teléfono: (57+4) 349 88 10 Ext. 141| WhatsApp (+57) 3005338115 
E-mail: biblioteca@unisbc.edu.co | Calle 76 87-14 Robledo Palenque, Medellín, Colombia

Con tecnología Koha